Velopharyngeal insufficiency and its associated pathologies in cleft patients

Bibliographic Details
Main Author: Kokavec, Radomír (Author)
Format: Article
Language:Slovak
English
PhysicalDescription:Obr., tab.
ISSN:0006-9248
Subjects:

MARC

LEADER 00000nab a2200000 a 4500
001 vtls001517317
003 SK-MaSNL
005 20260304140728.0
008 250505c2004 xo 0 slo
015 |a SNBCL2005/2 
035 |a SLK030220 
035 |a urn:nbn:sk:snk-abuos 
035 |a (urnnbn)urn:nbn:sk:snk:ar-a03igk 
035 |a (uuid)abd73be5-40d7-4947-81b8-5a2662f92e9d 
040 |a SNKBUCL  |b slo  |c SNKBUCL  |e AACR2 
041 1 |a eng  |h eng 
044 |a xo  |c SK 
080 |a 616-007.251-089.844:611.92/.93  |2 1981 
100 1 |a Kokavec, Radomír  |4 aut  |9 26376 
245 1 0 |a Velopharyngeal insufficiency and its associated pathologies in cleft patients  |c R. Kokavec 
300 |b Obr., tab. 
504 |a Res. angl. 
504 |a Bibliogr. odkazy 
650 0 7 |a rázštep pery  |x komplikácie  |2 MESH  |9 1457517 
650 0 7 |a výkony chirurgické rekonštrukčné  |2 MESH  |9 1077514 
650 0 7 |a liečebná rehabilitácia  |2 MESH  |9 3306 
650 0 7 |a poruchy sluchu  |x diagnostika  |2 MESH  |9 1457518 
773 0 |t Bratislavské lekárske listy  |g Vol. 105, no. 10-11 (2004), p. 379-381  |x 0006-9248 
850 |a Slovenská národná knižnica 
852 |a Slovenská národná knižnica 
958 |a article27 
958 |a OND 
958 |a EUIPO 
999 |c 2916321  |d 2918251